01789nam a2200481 i 450000100060000000300080000600500170001400600190003100700150005000800410006502000270010602000180013303500230015103500240017403500250019803500210022304000310024405000210027508000080029608200150030410000210031924501220034026400290046230000410049133600310053233700330056333800430059649000450063950000220068450400280070658801290073459001640086365000160102765000190104365000200106265000210108265500270110370000360113079700190116683000430118585600620122899900170129038699FlNmELB20241216221613.0m o d | cr cnu||||||||140910s2014 sp ob 001 0 spa d a9788490641149 (e-book) z9788490640180 a(MiAaPQ)EBC3221981 a(Au-PeEL)EBL3221981 a(CaPaEBR)ebr10902616 a(OCoLC)992072706 aFINmELBbspaerdacFINmELB 4aZ682b.G931 2014 a0020 a020.232231 aGuallar, Javier.13aEl content curator :bguía básica para el nuevo profesional de internet /cJavier Guallar, Javier Leiva-Aguilera. 1aBarcelona :bUOC,c2014. a1 recurso en línea (164 páginas) atextobtxt2rdacontent/spa acomputadorabc2rdamedia/spa arecurso en líneabcr2rdacarrier/spa1 aEl profesional de la información ;v23 aIncluye índice. aIncluye bibliografía. aDescripción basada en recurso en línea; Título de la página del título en PDF (e-libro, visto September 10, 2014). aRecurso electrónico. Santa Fe, Arg.: e-libro, 2015. Disponible vía World Wide Web. El acceso puede estar limitado para las bibliotecas afiliadas a e-libro. 0aLibrarians. 0aDocumentation. 4aBibliotecarios. 4aDocumentación. 4aLibros electrónicos.1 aLeiva Aguilera, Javier,eautor.2 ae-libro, Corp. 0aProfesional de la información ;v23.40uhttps://elibro.net/ereader/politecnicointernacional/57629 c38699d38699